Statistiques concernant Epic Pixel Battle - Saison 3

Cliquez ici pour prendre le quiz!

Statistiques générales

  • Ce quiz a été pris 10 fois
  • Le résultat moyen est 11 sur 16

Statistiques - réponses

SupportCombattant% Correct
Jeux vidéosKoro Sensei
100%
Jeux vidéosLink
100%
Dessin animéPeter Pan
100%
AniméAll might
86%
Jeux vidéosMonika
86%
Jeux vidéosYandere Chan
86%
Jeux vidéosBayonetta
71%
JV et animéDétective Conan
71%
AniméInspecteur Gadget
71%
Jeux vidéosMettaton
71%
Film d'animationSuper Nana
71%
Jeux vidéosLes visiteurs
57%
Film d'animationTotally Spies
57%
Jeux vidéosLe visiteur du futur
43%
Jeux vidéosKirby
29%
Jeux vidéosRondouou
14%

Distribution des résultats

Percentile par nombre de réponses

% des personnes avec chaque résultat

Votre développement - résultats

Vous n’avez pas pris ce quiz